000 00282nam a22001217a 4500
041 _aENG
100 _aPatil .C.B
245 _aRainfall At Locations Maharashtra State
260 _aJalgaon
_bVyankatesh Prakashan
_c2007
300 _a175
650 _aSWCE
856 _uSWCE ( 06 )
999 _c1903
_d1903